| 000 | 00325nam a2200097Ia 4500 | ||
|---|---|---|---|
| 008 | 220120s9999||||xx |||||||||||||| ||und|| | ||
| 100 |
_aDeekshith T.A and others _912493 |
||
| 245 | 2 | _aA hierarchical modelling and analysis for grid service reali | |
| 260 |
_aCoorg Institute of Technology _bPonnampet _c2014 |
||
| 650 | _aMECHANICAL | ||
| 999 |
_c138091 _d138091 |
||